000 00541nam a2200229Ia 4500
005 20250425162800.0
008 250425s9999 xx 000 0 und d
020 _a8427110650
041 _aspa
043 _asp
082 _a503
100 _aJAUREGUI, JESÚS
245 0 _aDICCIONARIOS DEL SABER MODERNO : LAS MATEMÁTICAS
250 _a1A ED.
260 _aBILBAO
260 _aEspaña
_bEDICIONES MENSAJERO
_c1977
300 _a560
650 _aENCICLOPEDIAS
650 _aMATEMATICAS
942 _c01
010 _a108368
999 _c236337
_d236337